Derechos humanos de las personas con discapacidad en Mesoamérica y República Dominicana (Registro nro. 3765)
[ vista simple ]
| 000 -Cabecera | |
|---|---|
| Campo de control de longitud fija | 00756aam a2200253 4500 |
| 005 - Fecha y hora de la última transacción | |
| Campo de control | 20241128102751.0 |
| 008 - Elementos de longitud fija--Información general | |
| Campo de control de longitud fija | 150309b xxu||||| |||| 00| 0 spa d |
| 041 ## - Idioma | |
| Código de idioma | Español |
| 082 ## - Clasificación Decimal Dewey | |
| Número de clasificación | 346.013 A264ad |
| 100 ## - Entrada principal--Autor personal | |
| Nombre personal | Agencia de Cooperación Internacional del Japón |
| 245 ## - Título propiamente dicho | |
| Título | Derechos humanos de las personas con discapacidad en Mesoamérica y República Dominicana |
| 260 ## - Pie de imprenta | |
| Lugar de publicación, distribución, etc. | Costa Rica |
| Fecha de publicación, distribución, etc. | 2006 |
| 260 ## - Pie de imprenta | |
| Nombre del editor, distribuidor, etc. | La Agencia |
| 260 ## - Pie de imprenta | |
| Fecha de publicación, distribución, etc. | 2006 |
| 300 ## - Descripción física | |
| Extensión | 40 páginas |
| 650 ## - Materia general | |
| Temática (materia general) | COSTA RICA |
| 650 ## - Materia general | |
| Temática (materia general) | DERECHOS HUMANOS |
| 650 ## - Materia general | |
| Temática (materia general) | LEGISLACION EN REHABILITACION |
| 650 ## - Materia general | |
| Temática (materia general) | SERVICIOS DE REHABILITACION |
| 650 ## - Materia general | |
| Temática (materia general) | DERECHOS DE LAS PERSONAS CON DISCAPACIDAD |
| 650 ## - Materia general | |
| Temática (materia general) | ESTADISTICAS |
| 650 ## - Materia general | |
| Temática (materia general) | DISCAPACIDAD |
| 942 ## - Punto de acceso adicional KOHA | |
| Tipo de ítem KOHA | Libro |
| Fuente del sistema de clasificación o colocación | Dewey Decimal Classification |
| Signatura completa | Código de barras | Tipo de ítem |
|---|---|---|
| 346.013 A264ad | 12609 | Libro |